Mathematical statistics (Record no. 544)

000 -LEADER
fixed length control field 00313 a2200109 4500
082 ## - DEWEY DECIMAL CLASSIFICATION NUMBER
Classification number 519.5 MIL
100 ## - MAIN ENTRY--PERSONAL NAME
Personal name Miller,Irwin
245 ## - TITLE STATEMENT
Title Mathematical statistics
Statement of responsibility, etc. Irwin Miller,Marylees Miller
250 ## - EDITION STATEMENT
Edition statement 6th.ed.
260 ## - PUBLICATION, DISTRIBUTION, ETC.
Place of publication, distribution, etc. Islamabad:
Name of publisher, distributor, etc. National Book Foundation,
300 ## - PHYSICAL DESCRIPTION
Extent viii,624p. :
Other physical details ill. ;
Dimensions 25 cm
650 ## - SUBJECT ADDED ENTRY--TOPICAL TERM
Topical term or geographic name entry element mathematical statistics
Holdings
Withdrawn status Lost status Damaged status Not for loan Permanent Location Current Location Shelving location Date acquired Total Checkouts Full call number Barcode Date last seen Price effective from Koha item type
        School of Civil and Environmental Engineering (SCEE) School of Civil and Environmental Engineering (SCEE)       519.5 MIL NIT-2653 01/05/2017 01/05/2017 Book
© 2023 Central Library, National University of Sciences and Technology. All Rights Reserved.